| 000 | 00000nas 2200000zi 4500 |
| 001 | 9.944368 |
| 003 | CaOODSP |
| 005 | 20250410150859 |
| 006 | m o d f |
| 007 | cr cn |||||||| |
| 008 | 241022d19671967oncar p o f0 0fre|d |
| 040 | |aCaOODSP|bfre|erda|cCaOODSP |
| 041 | 0 |aeng|afre |
| 043 | |an-cn--- |
| 086 | 1 |aNR1-1-PDF |
| 110 | 2 |aConseil national de recherches du Canada.|eauteur, |eorganisme de publication. |
| 245 | 10|a... annual report of the National Research Council of Canada. |
| 246 | 15|aRapport annuel du Conseil national de recherches du Canada |
| 246 | 14|aAnnual report |
| 246 | 14|aRapport annuel |
| 264 | 1|aOttawa : |bBureau des relations extérieures, Conseil national de recherches du Canada, |c[1967] |
| 310 | |aAnnuel |
| 336 | |atexte|btxt|2rdacontent/fre |
| 337 | |ainformatique|bc|2rdamedia/fre |
| 338 | |aressource en ligne|bcr|2rdacarrier/fre |
| 362 | 1 |aParaît depuis : 50ième (1966/1967); ne paraît plus après : 50ième (1966/1967). |
| 546 | |aTexte en anglais et en français. |
| 588 | |aDescription d'après : 50ième (1966/1967); titre de la page de titre du fichier PDF. |
| 588 | |aDernière livraison consultée : 50ième (1966/1967). |
| 610 | 26|aConseil national de recherches du Canada|vPériodiques. |
| 650 | 6|aRecherche|zCanada|vPériodiques. |
| 650 | 6|aRecherche industrielle|zCanada|vPériodiques. |
| 655 | 7|aPériodiques|2rvmgf |
| 780 | 00|tReport / |w(CaOODSP)9.944309 |
| 785 | 00|tRapport du Président / |w(CaOODSP)9.944908 |
| 788 | |t... annual report of the National Research Council of Canada.|eeng|w(CaOODSP)9.944369 |